000 00447nam a2200169Ia 4500
008 101005t1995 xxu||||| |||| 00| 0 sin d
041 _asin
080 _aX8S1-12
_bGAM
100 _aGamlath, Sucharitha
245 _aකව්සිළුමිණි විනිස
246 _aKavsilumini Vinisa
260 _bGodage
_aColombo
_c1995
300 _b296p., 21 cm
942 _cBK
999 _c74891
_d74891
003 LK-CoDNM
040 _aLK-CoDNM
_dLK-CoDNM
_eLK-CoDNM